000 00325nam a2200133Ia 4500
008 150201s2005 xx 000 0 und d
082 _a610
_bP05P
100 _aPANDA,UN
245 _aPHYSICAL CUM DIFFERENTIAL DIAGNOSIS
250 _a1ST
260 _bAITBS
_aDELHI
_c2005
650 _aMEDICINE AND DIAGNOSIS
942 _2ddc
_cBK
999 _c885
_d885